[Event "Wuerttemberg-ch KT"]
[Site "Gruenbach"]
[Date "2014.09.05"]
[Round "7"]
[White "Nusser, Jens"]
[Black "Schoembs, Oliver"]
[Result "1/2-1/2"]
[WhiteElo "1851"]
[BlackElo "1856"]
[PlyCount "123"]
[EventDate "2014.08.30"]
[EventType "swiss"]
[EventRounds "9"]
[EventCountry "GER"]
[SourceTitle "EXT 2017"]
[Source "ChessBase"]
[SourceDate "2016.10.25"]
[SourceVersion "1"]
[SourceVersionDate "2016.10.25"]
[SourceQuality "1"]

1. d4 Nf6 2. c4 g6 3. Nc3 Bg7 4. e4 d6 5. f4 0-0 6. Nf3 c5 7. Be2 cxd4 8. Nxd4 Nc6 9. Be3 Ng4 10. Nxc6 Nxe3 11. Nxd8 Bxc3+ 12. bxc3 Nxd1 13. Rxd1 Rxd8 14. c5 Be6 15. cxd6 exd6 16. c4 Rac8 17. Rd4 Rc6 18. Kd2 Rdc8 19. Rb1 R8c7 20. Rb4 a5 21. Ra4 b6 22. g4 Kg7 23. f5 Bc8 24. Ke3 Kf6 25. h4 h6 26. Ra3 Ba6 27. Rb3 gxf5 28. gxf5 Ke7 29. Kf4 Rc8 30. Rb1 Rg8 31. Bf1 Rg1 32. Rbd1 Bxc4 33. f6+ Kd8 34. Bxc4 Rxd1 35. Rxd1 Rxc4 36. Rxd6+ Kc7 37. Rd2 b5 38. Re2 b4 39. Kg4 Kd6 40. Kf5 a4 41. Rd2+ Kc6 42. h5 b3 43. axb3 axb3 44. Rb2 Rb4 45. e5 Kd7 46. e6+ fxe6+ 47. Kg6 Ke8 48. f7+ Ke7 49. Rg2 Rf4 50. Rb2 Rf6+ 51. Kg7 Rxf7+ 52. Kxh6 Rf3 53. Kg7 Rg3+ 54. Kh7 e5 55. h6 Ke6 56. Kh8 Kd5 57. h7 Kc4 58. Re2 Rg5 59. Rc2+ Kd5 60. Rc5+ Ke6 61. Rc6+ Kf5 62. Rf6+ 1/2-1/2

[Event "Wuerttemberg-ch KT"]
[Site "Gruenbach"]
[Date "2014.08.31"]
[Round "2"]
[White "Nusser, Jens"]
[Black "Heining, Thomas"]
[Result "0-1"]
[WhiteElo "1851"]
[BlackElo "2099"]
[PlyCount "88"]
[EventDate "2014.08.30"]
[EventType "swiss"]
[EventRounds "9"]
[EventCountry "GER"]
[SourceTitle "EXT 2017"]
[Source "ChessBase"]
[SourceDate "2016.10.25"]
[SourceVersion "1"]
[SourceVersionDate "2016.10.25"]
[SourceQuality "1"]

1. d4 Nf6 2. c4 g6 3. Nc3 Bg7 4. e4 0-0 5. e5 Ne8 6. Nf3 d6 7. Bf4 Bg4 8. Be2 Nc6 9. exd6 Bxf3 10. Bxf3 Nxd4 11. dxc7 Nxc7 12. 0-0 Nce6 13. Bg3 Qd7 14. Rc1 Rfd8 15. Bd5 Nf5 16. Qa4 Ned4 17. Qxd7 Rxd7 18. Rfd1 Rad8 19. Kf1 h5 20. Be4 g5 21. h3 Nxg3+ 22. fxg3 Be5 23. Rd3 Ne6 24. Rxd7 Rxd7 25. Rd1 Rc7 26. Bd5 Nd4 27. Nb5 Nxb5 28. cxb5 Bxg3 29. Ke2 Bf4 30. Be4 Kg7 31. b3 Rc5 32. Bd3 b6 33. Bc4 Re5+ 34. Kd3 h4 35. Kc2 Rf5 36. Rd7 Bd6 37. a4 Rf2+ 38. Kd3 Rxg2 39. Rxa7 Rg3+ 40. Ke2 Rxh3 41. Rb7 Bc5 42. b4 Bxb4 43. Rxb6 Ra3 44. Rb7 Rxa4 0-1

[Event "Stuttgart-chB int"]
[Site "Ditzingen"]
[Date "2012.05.20"]
[Round "7"]
[White "Nusser, Jens"]
[Black "Schoembs, Oliver"]
[Result "1-0"]
[WhiteElo "1823"]
[BlackElo "1865"]
[PlyCount "101"]
[EventDate "2012.05.17"]
[EventType "swiss"]
[EventRounds "7"]
[EventCountry "GER"]
[SourceTitle "EXT 2018"]
[Source "ChessBase"]
[SourceDate "2017.10.13"]
[SourceVersion "1"]
[SourceVersionDate "2017.10.13"]
[SourceQuality "1"]

1. d4 Nf6 2. c4 g6 3. Nc3 Bg7 4. e4 d6 5. f4 0-0 6. Nf3 c5 7. d5 b5 8. cxb5 a6 9. a4 Bb7 10. Bc4 Qb6 11. a5 Qd8 12. b6 Nfd7 13. 0-0 Nxb6 14. axb6 Qxb6 15. Qb3 Qa7 16. Bd2 Nd7 17. Na4 Rfb8 18. Qc2 a5 19. Bc3 f6 20. Rfe1 Ba6 21. Qe2 Bxc4 22. Qxc4 Rb7 23. e5 fxe5 24. fxe5 Nxe5 25. Nxe5 Bxe5 26. Bxe5 Rb4 27. Qe2 c4+ 28. Kh1 dxe5 29. Qxe5 Rf8 30. Rf1 Rf2 31. Rxf2 Qxf2 32. Qxe7 Rb3 33. Re1 Rd3 34. Nc3 Rd2 35. Qe6+ Kg7 36. Qe5+ Kg8 37. Qe8+ Kg7 38. Qe7+ Kg8 39. Qe6+ Kg7 40. Qe5+ Kg8 41. Qe4 Rd4 42. Qe2 Qf6 43. Qe8+ Kg7 44. Qe5 a4 45. Qxf6+ Kxf6 46. Rd1 Rd3 47. Kg1 a3 48. Rxd3 cxd3 49. bxa3 Ke5 50. d6 Kxd6 51. Kf2 1-0

[Event "Wuerttemberg-ch KT"]
[Site "Stuttgart"]
[Date "2010.09.05"]
[Round "9"]
[White "Hedler, Thomas"]
[Black "Nusser, Jens"]
[Result "1/2-1/2"]
[WhiteElo "1971"]
[BlackElo "1843"]
[PlyCount "52"]
[EventDate "2010.08.28"]
[EventType "swiss"]
[EventRounds "9"]
[EventCountry "GER"]
[SourceTitle "EXT 2017"]
[Source "ChessBase"]
[SourceDate "2016.10.25"]
[SourceVersion "1"]
[SourceVersionDate "2016.10.25"]
[SourceQuality "1"]

1. Nc3 c5 2. f4 Nc6 3. Nf3 g6 4. e3 Bg7 5. Bb5 e6 6. 0-0 Nge7 7. b3 0-0 8. Bb2 d5 9. Bxc6 Nxc6 10. d4 cxd4 11. exd4 Bd7 12. Ne2 Rc8 13. a4 Qb6 14. Ba3 Rfe8 15. c4 Na5 16. Rb1 Qc7 17. c5 Red8 18. Nd2 Nc6 19. Bb2 b6 20. Rf3 bxc5 21. dxc5 Bxb2 22. Rxb2 Nb4 23. Rc3 Qa5 24. Qc1 Qa6 25. Qd1 Nd3 26. Rbc2 Nb4 1/2-1/2

[Event "Wuerttemberg-ch KT"]
[Site "Stuttgart"]
[Date "2010.09.02"]
[Round "6"]
[White "Schoembs, Oliver"]
[Black "Nusser, Jens"]
[Result "1-0"]
[WhiteElo "1938"]
[BlackElo "1843"]
[PlyCount "95"]
[EventDate "2010.08.28"]
[EventType "swiss"]
[EventRounds "9"]
[EventCountry "GER"]
[SourceTitle "EXT 2017"]
[Source "ChessBase"]
[SourceDate "2016.10.25"]
[SourceVersion "1"]
[SourceVersionDate "2016.10.25"]
[SourceQuality "1"]

1. d4 Nf6 2. c4 g6 3. Nc3 d5 4. cxd5 Nxd5 5. e4 Nxc3 6. bxc3 Bg7 7. Bc4 c5 8. Ne2 0-0 9. Be3 Nc6 10. 0-0 b6 11. dxc5 bxc5 12. Bd5 Qc7 13. Bxc5 Rd8 14. Qa4 Bd7 15. Qa3 e6 16. Bd6 Qc8 17. Bxc6 Bxc6 18. e5 Bb5 19. Rfe1 Bxe2 20. Rxe2 Qc4 21. Re3 Rdc8 22. Qb3 Bf8 23. Rd1 a5 24. Bxf8 Qxb3 25. axb3 Kxf8 26. Red3 Rc5 27. f4 Ke8 28. Kf2 Rb5 29. c4 Rb4 30. c5 Rb5 31. Rc1 Rc8 32. c6 Rb6 33. Rdc3 Kd8 34. Kf3 Kc7 35. h4 Rcb8 36. h5 Rxb3 37. h6 a4 38. Kg4 Rxc3 39. Rxc3 Rb3 40. Rc4 a3 41. Kg5 Rg3+ 42. Kf6 Rxg2 43. Kxf7 g5 44. f5 exf5 45. e6 Re2 46. e7 a2 47. Ra4 f4 48. Rxa2 1-0

[Event "Stuttgart-chA int"]
[Site "Ditzingen"]
[Date "2009.05.21"]
[Round "2"]
[White "Nusser, Jens"]
[Black "Bogenschuetze, Paul Jr"]
[Result "0-1"]
[WhiteElo "1875"]
[BlackElo "2067"]
[PlyCount "28"]
[EventDate "2009.05.21"]
[EventType "swiss"]
[EventRounds "7"]
[EventCountry "GER"]
[SourceTitle "EXT 2018"]
[Source "ChessBase"]
[SourceDate "2017.10.13"]
[SourceVersion "1"]
[SourceVersionDate "2017.10.13"]
[SourceQuality "1"]

1. d4 Nf6 2. c4 g6 3. Nc3 Bg7 4. e4 d6 5. f4 0-0 6. Nf3 c5 7. d5 e6 8. Be2 exd5 9. cxd5 b5 10. Bxb5 Nxe4 11. Nxe4 Qa5+ 12. Nc3 Bxc3+ 13. Bd2 Bxd2+ 14. Qxd2 Qxb5 0-1